00960cam a22003013a 450000100090000000300050000900500170001400800410003101000170007202000310008903500230012003800110014304000350015405000280018908200170021710000290023424500440026326000310030730000210033856300080035965500250036765500310039271000620042390600450048594200120053099900190054295200970056116403564NUST20220509102632.0880412s1988 nyu 000 1 eng d a 00520742  a0671637797 (pbk.) :c$3.95 a(OCoLC)ocm17781285 aArshad aMNLcMNLdGZSdJBLdOCLCQdDLC00aCPB Box no. 1702 vol. 3 a813.54 bMCN1 aMcNaught, Judith.99130610aSomething wonderful /cJudith McNaught. aNew York :bPocket,c1988. a418 p. ;c18 cm. aPBK 7aLove stories.2gsafd 7aHistorical fiction.2gsafd2 aCopyright Paperback Collection (Library of Congress)5DLC a7bcbcccopycatd2encipf20gy-genrareb 2ddccBK c589500d589500 00102ddc4070aCLbCLcFICd2022-05-09l0o813.54 MCNpCL1992r2022-05-09w2022-05-09yBK